000 00703nam a2200229Ii 4500
003 JO-AjNU
008 230605s9999||||xx |||||||||||||| ||und||
017 _a2000/16581
020 _a977-5849-26-8
040 _aJO-AjNU
_bara
_erda
_cJO-AjNU
041 _aara
050 1 4 _aPJ7808 2000
100 3 _aتأليف تكلا،ناديا,
_eauthor
_913964
245 0 0 _aقصة الأمس مجموعة قصصية
250 _aط1
264 3 1 _aالقاهرة:دار الجميل للنشر والتوزيع،2000
300 _a207ص
336 _atext
_btxt
_2rdacontent
337 _aunmediated
_bn
_2rdamedia
338 _avolume
_bnc
_2rdacarrier
650 4 _aالأدب العربي - قصص
_913965
999 _aA3611
_c7179
_d7179